水曜どうでしょう「サイコロの旅」シリーズに登場した列車、夜行バス - Statistics

General Stats
  • This quiz has been taken 12 times
  • The average score is 28 of 50
Answer Stats
番組 列車/夜行バス名 出発地 到着地 備考 % Correct
サイコロ3前編 特急ハウステンボス 博多 ハウステンボス 折り返しの列車に乗車
100%
サイコロ3前編 特急ハウステンボス ハウステンボス 鳥栖
100%
サイコロ1 新幹線ひかり 小倉 新大阪
90%
サイコロ2 新幹線ひかり 博多 福山 福山からは在来線・高速船利用
90%
サイコロ3後編 新幹線ひかり 東京 新神戸 神戸からはヘリコプター利用
90%
サイコロ4 新幹線ひかり 岡山 広島
90%
サイコロ4 新幹線ひかり 広島 新大阪
90%
サイコロ4 新幹線ひかり 名古屋 東京
90%
サイコロ4 新幹線ひかり 京都 博多 博多で時間切れ
90%
サイコロ5 新幹線ひかり 新大阪 東京
90%
サイコロ6 新幹線のぞみ 博多 新大阪 青森~福岡は飛行機利用、この後高知で時間切れ
90%
サイコロ3前編 特急サンダーバード 京都 敦賀
80%
サイコロ6 新幹線こだま 熱海 東京 東京スタートで伊豆大島経由熱海着
80%
サイコロ6 新幹線こだま 新大阪 新尾道 新尾道からはレンタカー利用で松山へ
80%
サイコロ1 特急にちりん 臼杵 小倉
70%
サイコロ3前編 特急つばめ 鳥栖 西鹿児島
70%
サイコロ5 特急つばめ 博多 西鹿児島
70%
サイコロ1 特急宇和海 松山 八幡浜 八幡浜からはフェリー利用
60%
サイコロ2 快速マリンライナー 岡山 高松
60%
サイコロ2 特急うずしお 高松 徳島 この後和歌山で時間切れ
60%
サイコロ3前編 キャメル号 東京(品川) 鳥取
60%
サイコロ3前編 特急はくと 鳥取 京都
60%
サイコロ3前編 特急しらさぎ 敦賀 金沢
60%
サイコロ3後編 特急うずしお 徳島 高松 淡路島から企画再開
60%
サイコロ3後編 快速マリンライナー 高松 岡山 岡山からは在来線利用
60%
サイコロ3後編 特急きのさき 城崎 京都
60%
サイコロ1 寝台急行きたぐに 新大阪 新潟 新潟からはフェリー利用で札幌着
50%
サイコロ2 新幹線グランドひかり 東京 新神戸 グリーン車二階部分を利用
50%
サイコロ2 特急あそ 熊本 三重町 三重町からはタクシー・フェリー利用
50%
サイコロ3後編 特急はまかぜ 浜坂 城崎
50%
サイコロ3後編 新幹線つばさ 福島 山形
50%
サイコロ4 快速みえ 伊勢市 名古屋
50%
サイコロ4 新幹線やまびこ 東京 仙台
50%
サイコロ4 新幹線やまびこ 仙台 宇都宮
50%
サイコロ5 はかた号 東京(新宿) 博多
50%
サイコロ5 はかた号 東京(新宿) 博多 この後福岡空港経由で新千歳空港着
50%
サイコロ1 オレンジライナー 東京(新宿) 松山 目的地は道後温泉
40%
サイコロ3前編 寝台特急なは 西鹿児島 岡山 この後淡路島で時間切れ
40%
サイコロ3後編 特急こまくさ 山形 大曲 その後盛岡・八戸経由で苫小牧着
40%
サイコロ5 快速なのはな 西鹿児島 指宿 指宿からは鹿児島・奄美経由で移動
40%
サイコロ3前編 加賀号 金沢 博多
30%
サイコロ6 よさこい号 高知 大阪 東京から高知までは飛行機移動
30%
サイコロ3後編 マスカット号 倉敷 東京(新宿)
20%
サイコロ3後編 ギャラクシー号 京都 福島
20%
サイコロ4 特急スーパーやくも 出雲市 岡山 出雲大社からスタート
20%
サイコロ2 レッツ号 三宮 熊本
10%
サイコロ2 はりまや号 高知 博多
10%
サイコロ4 とちの木号 宇都宮 京都
10%
サイコロ4 特急サンダーバード宇奈月 新大阪 富山 富山からは立山経由で移動
0%
サイコロ6 ノクターン号 東京(品川) 弘前 松山から東京までは飛行機利用
0%
No matching quizzes found
Score Distribution
Percent of People with Each Score
Percentile by Number Answered
Your Score History
You have not taken this quiz